|
|
|
|
| LEADER |
00000cam a2200000 7i4500 |
| 001 |
0000002719 |
| 005 |
20031206.0 |
| 090 |
0 |
0 |
|a FAO634.9095
|b LYO 1997
|
| 100 |
1 |
0 |
|a LYONS
|h Michael J.
|
| 245 |
1 |
0 |
|a FAO outlook study on wood based panels production, consumption and trade in the Asia Pacific region 1996-2010
|c by Michael J. Lyons
|
| 260 |
0 |
0 |
|a Rome :
|b Food and Agriculture Organization of the United Nations ,
|c 1997
|
| 300 |
|
|
|a i, 102 p. :
|b tables ;
|c 30 cm.
|
| 440 |
0 |
0 |
|a Asia-Pacific forestry sector outlook study working paper series no. APFSOS/WP/40(a)
|
| 650 |
0 |
0 |
|a Forests and forestry
|z Asia
|
| 650 |
0 |
0 |
|a Forests and forestry
|z The Pacific
|
| 710 |
1 |
1 |
|a Food and Agriculture Organization of the United Nations (FAO)
|
| 998 |
|
|
|a JPSM
|
| 999 |
|
|
|a 0000004792
|b Monograph
|c Food and Agriculture Organization
|e Default branch
|
| 999 |
|
|
|a 0000004793
|b Monograph
|c Food and Agriculture Organization
|e Default branch
|